<?xml version="1.0" encoding="UTF-8"?>
<marc:record xmlns:marc="http://www.loc.gov/MARC21/slim">
   <marc:leader>00000nam a2200000 a 4500</marc:leader>
   <marc:datafield ind1="1" ind2=" " tag="100">
      <marc:subfield code="a">Kus, Sofia</marc:subfield>
      <marc:subfield code="4">aut</marc:subfield>
      <marc:subfield code="e">Verfasser/-in</marc:subfield>
   </marc:datafield>
   <marc:datafield ind1="0" ind2="0" tag="245">
      <marc:subfield code="a">Sweet Broken Love</marc:subfield>
   </marc:datafield>
   <marc:datafield ind1="0" ind2="0" tag="245">
      <marc:subfield code="b">Du wirst zerbrechen</marc:subfield>
   </marc:datafield>
   <marc:datafield ind1=" " ind2="1" tag="264">
      <marc:subfield code="b">Independently published</marc:subfield>
      <marc:subfield code="c">2024</marc:subfield>
   </marc:datafield>
   <marc:datafield ind1="1" ind2=" " tag="490">
      <marc:subfield code="a">Brandford Elite University</marc:subfield>
   </marc:datafield>
   <marc:datafield ind1="1" ind2=" " tag="520">
      <marc:subfield code="a">Asher Diaz hat Elis Tod bis heute nicht überwunden und erträgt den Menschen, zu dem er geworden ist, selbst nicht mehr. In seiner Selbstzerstörung und Wut setzen seine Eltern ihm ein Ultimatum: Entweder nimmt er professionelle Hilfe an oder ist die längste Zeit ein Diaz gewesen.
Solène Héloise ist frech und laut und so ganz anders als Eli. Ausgerechnet sie wurde Zeugin in Ashers dunkelster Stunde und läuft ihm seitdem immer wieder über den Weg.
Die Angst, sie könnte sein Geheimnis verraten, macht ihn wahnsinnig.</marc:subfield>
   </marc:datafield>
   <marc:datafield ind1=" " ind2=" " tag="020">
      <marc:subfield code="a">9798884973565</marc:subfield>
      <marc:subfield code="9">9798884973565</marc:subfield>
   </marc:datafield>
</marc:record>
